Estatutos y reglamento de la Sociedad Catalana de Seguros contra Incendios, á prima fija
Descripción Física:
28 p. ; 25 cm
MARC
| LEADER | 00000nam a2200000Ia 4500 | ||
|---|---|---|---|
| 001 | 17974 | ||
| 008 | 160829s1865 xx 000 0 cat d | ||
| 080 | |a RF-2-24 | ||
| 100 | |a Sociedad Catalana de Seguros contra Incendios |9 48602 | ||
| 245 | |a Estatutos y reglamento de la Sociedad Catalana de Seguros contra Incendios, á prima fija | ||
| 260 | |a Barcelona : |b Establecimiento tipográfico de Narciso Ramírez y comp., |c 1865 | ||
| 300 | |a 28 p. ; |c 25 cm | ||
| 590 | |a Prové de 702, exp. 5 i de 4313. | ||
| 590 | |a Hi ha un duplicat a: DUP-73-39 | ||
| 650 | |a Assegurances d'incendis |x Catalunya |x S.XX |9 48603 | ||
| 856 | 4 | |u https://media.diba.cat/diba/fitxers/arxiu/fulletons/bib_17974_1865_baixa.pdf |y Accés lliure | |
| 856 | 4 | |u https://media.diba.cat/diba/fitxers/arxiu/fulletons/bib_17974_1865_baixa.pdf |y Accés lliure | |
| 901 | |a Arxiu | ||
| 942 | |n 1 |2 udc | ||
| 952 | |0 0 |1 0 |4 0 |6 RF224 |7 1 |9 54691 |a Arxiu |b Arxiu |d 2016-12-01 |l 0 |o RF-2-24 |p 17974 |r 2016-12-01 00:00:00 |w 2016-12-01 |y ARXIU | ||
| 999 | |c 58560 |d 58560 | ||
| 900 | |a bib_17974_1865_baixa.pdf | ||